| 000 | 00532cam a22001934a 4500 | ||
|---|---|---|---|
| 005 | 20250605164057.0 | ||
| 008 | 250528s ||||||||||||||||||||||||d | ||
| 035 | _a17502 | ||
| 020 | _a3472632798 | ||
| 040 |
_aGR-AtMCL _bgre _dGR-AtMCL _eAACR2 |
||
| 245 | 1 | _aEuroparecht / Das Recht Der Europaischen Gemeinschaften (Egks, Ewg, Eag) - Mit Schwerpunkt Ewg | |
| 260 | _c1990 | ||
| 300 | _a480 | ||
| 700 | 1 |
_aAlfred Metzner _93641 |
|
| 700 | 1 |
_aSchweitzer Michael Dr _93642 |
|
| 942 | _cBK | ||
| 999 |
_c2910 _d2910 |
||